000 01546nam a22003137a 4500
999 _c387444
_d387444
003 BLK
005 20240311110918.0
008 200910b bu ||||| |||| 00| 0 bu d
020 _a9786197248234
040 _aBLK
041 _aBUL
_cBUL
080 _aПроповеди
_b27-475
_z27-475
100 _aСерафим Софийски, свети
_eпърви автор
_91299
139 _aСерафим Софийски, свети
_bС 34
245 _aПроповеди
_cСветител Серафим Софийски
_nТ. 2
_p1945-1949
250 _a3.изд.
260 _9218578
_aСофия
_bПравославно изд. Св. апостол и евангелист Лука
_c2020
_dСв. Ап. и евангелист Лука
_n978-954-90672- ; 978-954-767-
300 _a296 с.
_bс портр.
_c21 см
380 _a2
500 _aСветител Серафим Софийски - духовно име на Николай Борисович Соболев 1. изд. 1998 на изд. Снежана Иванова
650 0 _aПравославие - проповеди
_9417118
653 7 _9194332
_aправославие
653 7 _9194731
_aпроповеди
760 _aСерафим Софийски, свети
_b3. изд., 2020
_dСофия, : Православно изд. "Св. апостол и евангелист Лука"
_oТ. 2
_t1945-1949
852 _aЦб 300008
_bЦб
942 _cKNG
_n0
_s1
944 _aCR
_c2020-07-02
_k30560
_lГеновева Генчева
999 _d372421